| 000 | 01212cam a2200349 a 4500 | ||
|---|---|---|---|
| 001 | 2521 | ||
| 005 | 20231214104126.0 | ||
| 020 | _a9780385737746 (trade) | ||
| 020 | _a0385737742 (trade) | ||
| 020 | _a9780545336796 | ||
| 020 | _a9780385906869 | ||
| 020 | _a0385906862 (lib. bdg.) | ||
| 040 |
_aDLC _cDLC _dIG# _dBTCTA _dZPX _dFN4 _dEHH _dUPZ _dVP@ _dDLC _beng |
||
| 050 | 0 | 0 |
_aPZ7.L1422 _bLov 2009 |
| 082 | 0 | 0 |
_a813.6 _222 |
| 100 | 1 | _aLaFleur, Suzanne M. | |
| 245 | 1 | 0 |
_aLove, Aubrey / _cSuzanne LaFleur |
| 250 | _aFirst Scholastic printing, January 2011 | ||
| 260 |
_aNew York : _bScholastic, _c2009 |
||
| 300 |
_a262 pages ; _c22 cm |
||
| 505 | _aK | ||
| 520 | _aWhile living with her Gram in Vermont, eleven-year-old Aubrey writes letters as a way of dealing with losing her father and sister in a car accident, and then being abandoned by her grief-stricken mother. | ||
| 521 | 1 |
_a570 _bLexile |
|
| 521 | 2 |
_aK _bRaz-Plus |
|
| 650 | 1 |
_aAbandoned children _vFiction. |
|
| 650 | 1 |
_aGrief _vFiction. |
|
| 650 | 1 |
_aGrandmothers _vFiction. |
|
| 650 | 1 |
_aLetters _vJuvenile fiction. |
|
| 650 | 1 |
_aDepression, Mental _vFiction. |
|
| 906 |
_a7 _bcbc _corignew _d1 _eecip _f20 _gy-gencatlg |
||
| 942 |
_2ddc _cBK _n0 |
||
| 999 |
_c2521 _d2521 |
||